Rothamsted experiment station report 1950 (Record no. 19568)
[ view plain ]
| 000 -LEADER | |
|---|---|
| fixed length control field | 00249nam a2200097Ia 4500 |
| 082 ## - DEWEY DECIMAL CLASSIFICATION NUMBER | |
| Classification number | 631.4(047) |
| Item number | ROT |
| 245 #0 - TITLE STATEMENT | |
| Title | Rothamsted experiment station report 1950 |
| 260 ## - PUBLICATION, DISTRIBUTION, ETC. (IMPRINT) | |
| Place of publication | Harpenden |
| Year of publication | 1951 |
| 942 ## - ADDED ENTRY ELEMENTS (KOHA) | |
| Koha item type | Books |
| Withdrawn status | Lost status | Damaged status | Not for loan | Home library | Current library | Date acquired | Full call number | Accession Number | Koha item type |
|---|---|---|---|---|---|---|---|---|---|
| RRII Library | RRII Library | 16/12/2021 | 631.4(047) ROT | 00302 | Books |